| 000 | 03244nam a2200493 c 4500 | ||
|---|---|---|---|
| 003 | BLK | ||
| 005 | 20250306083451.0 | ||
| 008 | 180409b bul|||||r ||||||| ||bul|| | ||
| 010 | _aKNG00140503000 | ||
| 020 |
_a978-954-28-0469-7 _bиздат.: Сиела Софт енд Паблишинг |
||
| 040 | _aBLK | ||
| 041 |
_aBUL _cBUL |
||
| 072 | 7 |
_2bullib _aН61 _xМедицина Н |
|
| 072 | 7 |
_2bullib _aЛ04 _xЛечебно хранене |
|
| 080 |
_aБиохимия на човека (Физиологична химия) - Ензими, ферменти, химически състав на човешкото тяло, обмяна на веществата и влияние на температурата и нервната система върху нея, пигменти. Вж и 577.1 _b612.015 _x _z612.015 |
||
| 080 |
_aФизиология на храненето. Глад. Жажда - Действие и усвояване на различни хранителни вещества:витамини, въглерод, азот, вода, сярарфосфор, желязо, минерални соли;растителни и животински храни;ка _b612.39 _x _z612.39 |
||
| 080 |
_aХигиена на храненето. Режим на храненето. Вж и 612.39 ; 614.3 ; 615.874 ; 641 _b613.2 _x _z613.2 |
||
| 100 | 1 |
_aШиния Хироми _eпърви автор _9143454 |
|
| 700 |
_aГерасимов, Петър Миронов _9323052 |
||
| 700 | 1 |
_aКонстантинов-Герасимов, Петър Миронов _9303110 |
|
| 139 |
_aШиния Хироми _bШ 66 |
||
| 245 | 1 | 0 |
_aЕнзимният фактор _bДиета на бъдещето, която предпазва от сърдечносъдови болести, лекува рак и стопира диабета тип 2 _cШиния Хироми; * Петър Миронов Герасимов; прев. от англ. Петър Миронов Константинов-Герасимов. |
| 257 | _aJAP | ||
| 260 |
_аСофия _bСиела Софт енд Паблишинг _c2009 |
||
| 300 |
_a188 с. _c21 см |
||
| 380 | _a61 | ||
| 500 | _aОриг. загл. Byoki ni naranai ikikata ; Прев. по The enzyme factor / Hiromi Shinya. - Прев. известен като Петър Миронов Герасимов. - Съдържа и Седемте ключа на д-р Шиния за добро здраве ; Препоръчителни диети за здравословно хранене ; Лечебни храни. - Офс. изд. | ||
| 650 | 4 |
_aЕнзими _9154946 |
|
| 650 | 4 |
_aХранене - физиология _9295048 |
|
| 650 | 4 |
_aХранене - хигиена _9244313 |
|
| 650 | 4 |
_aХрани - състав _9253133 |
|
| 653 | _aензими | ||
| 653 | _aхигиена на храненето | ||
| 653 | _aхрани | ||
| 653 | _aболести | ||
| 659 | _aЛ | ||
| 659 | _aН | ||
| 852 | _aЦб 258692 | ||
| 856 | 4 |
_qpdf _u |
|
| 856 | 4 |
_qpdf _u |
|
| 942 |
_cKNG _n0 _011 |
||
| 944 |
_aCR _c08.03.2013 _lЦветелина Шанова _k30531 |
||
| 944 |
_aED _c16.03.2016 _lф / _kЛюдмила_Стоянова |
||
| 999 |
_c134589 _d134589 |
||